PHARMACEUTICAL MICROBIOLOGY (Record no. 9003)

MARC details
000 -LEADER
fixed length control field 00338nam a22001457a 4500
003 - CONTROL NUMBER IDENTIFIER
control field SGT
020 ## - INTERNATIONAL STANDARD BOOK NUMBER
International Standard Book Number 818579061-2
082 ## - DEWEY DECIMAL CLASSIFICATION NUMBER
Classification number 616.01
Item number P16K
100 ## - MAIN ENTRY--PERSONAL NAME
Personal name KOKARE,CHANDRAKANT
245 ## - TITLE STATEMENT
Title PHARMACEUTICAL MICROBIOLOGY
260 ## - PUBLICATION, DISTRIBUTION, ETC. (IMPRINT)
Place of publication, distribution, etc NEW DELHI
Name of publisher, distributor, etc NIRALI PUBLICATION
Year of Publication 2016
300 ## - PAGE DESCRIPTION
No. of Pages 26.26 & 1.5
650 ## - SUBJECT ADDED ENTRY--TOPICAL TERM
Topical term or geographic name as entry element MICROBIOLOGY
942 ## - ADDED ENTRY ELEMENTS (KOHA)
Source of classification or shelving scheme Dewey Decimal Classification
Koha item type Books

No items available.